Movies Quiz

Random Movies or Disney Quiz

Finish the Famous Disney Song Lyric Quiz Stats

Quiz Updated Feb 22, 2018

Challenge
Share
Tweet
Score 0/28 Timer 06:00
79 Plays Today
% Correct
True
98.2%
Time
97.6%
Anyway
96.9%
Days
96.7%
Go
96.4%
Will
95.3%
Tight
95.3%
Care
94.8%
Gallery
94.2%
There
94%
Wicked
93.3%
Roll
92.9%
Forest
92.9%
You
92%
% Correct
Indeed
91.8%
Everything
91.8%
At
91.7%
Way
91.5%
Start
91.1%
Together
90.5%
Huns
90%
Seem
89.5%
West
89.1%
Eye
89%
V.I.P.
78.7%
Toves
77.7%
Heart
72.6%
Name
66.5%

You're not logged in!

Compare scores with friends on all Sporcle quizzes.
Join for Free
OR
Log In

You Might Also Like...

Show Comments

Extras

Top Quizzes Today


Score Distribution

Your Account Isn't Verified!

In order to create a playlist on Sporcle, you need to verify the email address you used during registration. Go to your Sporcle Settings to finish the process.

Report this User

Report this user for behavior that violates our Community Guidelines.

Details: